000 00432nam a2200181Ia 4500
005 20240823022524.0
008 240823s9999||||xx |||||||||||||| ||und||
041 _aENGLISH
082 _A620.5 P7
100 _aNICE
245 0 _aEmerging Adaptive Systems and Technologies (East 2007) Vol 2
250 _a1st
260 _c2007
_b#VALUE!
500 _aTRANSFERED
650 _aNano
_bGeneral
942 _cBK
999 _c179369
_d179369